| 000 | 00685nam a2200193 a 4500 | ||
|---|---|---|---|
| 005 | 20251024063923.0 | ||
| 008 | 991125s1977 mx 000 0 spa u | ||
| 035 | _aUPN01000007934 | ||
| 049 | _aLTG | ||
| 050 | 4 |
_aLB1585 _bM6.3 1977 LM |
|
| 245 | 0 | 0 |
_aCiencias naturales : _btercer grado : libro del maestro / _cMaría Antonia Candela ... [et al.]. |
| 250 | _a4a. ed. rev. y correg. | ||
| 260 |
_aMéxico : _bSEP, Comisión Nacional de los Libros de Texto Gratuitos, _c1977. |
||
| 300 |
_a172 p. : _bil. col. |
||
| 500 | _aLibro de texto gratuito | ||
| 650 | 4 |
_aCiencias naturales _xEstudio y enseñanza (Elemental) _92812 |
|
| 700 | 1 |
_aCandela, Antonia _ecoaut. _932625 |
|
| 905 | _aLibro | ||
| 999 |
_c7934 _d7934 |
||